000 00674nam a2200229 i 4500
001 41758
003 ES-MaACL
005 20250825062717.0
007 t|
008 030311s1944 sp |||| |bspa d
080 _a929 Goya, Francisco de
100 1 _aCastán Palomar, Fernando,
_d1898-1963
_936390
_eaut
245 1 0 _aVida de Don Francisco Goya y Lucientes /
_cFernando Castán Palomar.
250 _a1ª ed.
260 _aBarcelona :
_bJuventud,
_c1944 (
_fClarasó)
300 _a193 p. ;
_c22 cm.
600 1 4 _aGoya, Francisco de,
_d1746-1828
_9240353
655 0 _aBiografías
_9176647
852 _aES-MaACL
_jF-16166
942 _2udc
999 _c41758
_d41758